000 00927cam a22002771 4500
001 28159
003 BD-RjUL
005 20211209051239.0
008 140329s1947 enkbc b 000 0 eng
035 _a28240
035 _a(BD-RjUL)28240
040 _aDLC
_cNBuU
_dOCoLC
_dBD-RjUL
_beng
041 _aeng
082 _a973.8
_bHUW 1951
100 1 _aHugh-Jones, E. M.
_q(Edward Maurice)
_986275
245 1 0 _aWoodrow Wilson and American liberalism /
260 _aLondon,
_bPub. by Hodder & Stoughton for the English Universities Press
_c1947 [Impression 1954]
300 _axiv, 295 p. :
_bport., maps (on lining-papers)
_c18 cm.
504 _aBibliography: p. 285-286.
600 1 0 _aWilson, Woodrow,
_d1856-1924.
_986289
651 0 _aUnited States
_xPolitics and government
_y1865-1933.
_986278
942 _2ddc
_cBK
999 _c28159
_d28159